|
|
|
|
| LEADER |
01717ncm a2200337 a 4500 |
| 001 |
000736953 |
| 003 |
CZ BrMZK |
| 005 |
20041108092527.0 |
| 007 |
qu |
| 008 |
040921s2004 xr fmaeb cze d |
| 020 |
|
|
|a 80-7068-178-0
|q (brož.)
|
| 040 |
|
|
|a BOA001
|b cze
|
| 040 |
|
|
|a ABA001
|b cze
|
| 048 |
|
|
|a cd01
|b ka01
|b wh01
|b tb01
|
| 072 |
|
7 |
|a 784
|x Vokální hudba
|2 Konspekt
|9 9
|
| 080 |
|
|
|a 784.4(437.32)
|2 MRF
|
| 080 |
|
|
|a 784.4(=162.3)
|2 MRF
|
| 080 |
|
|
|a 78.089.6.087
|2 MRF
|
| 100 |
1 |
|
|a Málek, Jan,
|d 1938-
|7 jn20000620224
|4 cmp
|
| 245 |
1 |
0 |
|a Ešče si zazpívám
|h [hudebnina] :
|b 15 lidových písní z Čech a Moravy v úpravě pro školní pěvecké sbory s doprovodem zobcové flétny a kytary nebo s doprovodem klavíru /
|c Jan Málek
|
| 250 |
|
|
|a 1. vyd.
|
| 254 |
|
|
|a Partitura a hlasy
|
| 260 |
|
|
|a Praha :
|b Informační a poradenské středisko pro místní kulturu (IPOS),
|c 2004
|
| 300 |
|
|
|a 1 partitura (34 s.) + 2 hlasy ;
|c 30 cm
|
| 505 |
0 |
0 |
|t Ach, vlaštověnka --
|t Můj zlatej Honzíčku --
|t Až půjdete přes pole --
|t Holoubek vrká --
|t Kukačka kuká --
|t Vychází, zachází denice --
|t Janko, Janko --
|t Děvčátko malý --
|t Prší, prší, jen se leje --
|t Ešče si zazpívám --
|t Šila košiličku --
|t Teče voda, vodička --
|t Plavala husička --
|t Našel jsem jo pytlíček --
|t Já mám v levý noze
|
| 650 |
0 |
4 |
|a moravské lidové písně, úpravy (sbor, zobcová flétna, kytara, klavír)
|
| 650 |
0 |
4 |
|a české lidové písně, úpravy (sbor, zobcová flétna, kytara, klavír)
|
| 655 |
|
7 |
|a partitury a hlasy
|7 fd186702
|2 czenas
|
| 910 |
|
|
|a BOA001
|b Mus4-1139.484
|
| 990 |
|
|
|a MU
|
| 996 |
6 |
|
|b 2610227971
|c Mus4-1139.484
|l MZK
|r Sklad / do 1 hodiny
|n 5
|w 000736953
|u 000010
|a 1
|e BOA001
|j MZK50
|s P
|